000 00533nam a2200169 4500
001 143179
003 ES-MaACL
005 20250827022423.0
007 t|
008 070214s1972 sp r ||||1| spa d
245 0 0 _aSeminarios de investigación 1970
_b: conclusiones.
260 _aMadrid :
_bInstituto de Estudios de Administración Local,
_c1972.
300 _a392 p. ;
_c24 cm.
710 2 0 _aInstituto de Estudios de Administración Local (España)
_94893
852 _aES-MaACL
_jC-42585
_bR.81588
999 _c143179
_d143179